| 000 | 00708nam a2200193 i 4500 | ||
|---|---|---|---|
| 001 | 192670 | ||
| 003 | 37701 | ||
| 010 | _a966-04-0270-8 | ||
| 090 | _a192670 | ||
| 100 | _a20130911d9999 u||y0 y50 zz | ||
| 105 | _a 000yy | ||
| 106 | _ay | ||
| 200 |
_aПоезія Тараса Шевченка _eсучасна інтерпретація _eпосібник для вчителя _fГригорій Клочек __Поезія Тараса Шевченка: сучасна інтерпретація (ч/з) |
||
| 210 |
_d1998 _aКиїв _cОсвіта |
||
| 215 |
_a237 с. __237 |
||
| 675 | _a821.161.2.09(07) | ||
| 700 |
_aКлочек _bГ. |
||
| 942 |
_2udc _cBOOK _j 821.161.2.09(07) _z37701 |
||
| 999 |
_c37701 _d37701 |
||